[Event "SM Master Norm Tournament"]
[Site "SchemingMind.com"]
[Date "2008.12.07"]
[Round "-"]
[White "GBEDARD"]
[Black "MazetaFighter"]
[Result "1-0"]
[WhiteCountry "USA"]
[BlackCountry "GRE"]
[WhiteElo "2107"]
[WhiteRD "84"]
[BlackElo "2036"]
[BlackRD "81"]
[GameID "182276"]

1. e4 e5 2. Nf3 Nc6 3. Bb5 a6 4. Ba4 Nf6 5. O-O Nxe4 6. d4 b5 7. Bb3 d5 8. dxe5 Be6 9. a4 b4 10. a5 Nc5
11. Bg5 Qd7 12. Nbd2 h6 13. Be3 d4 14. Bf4 d3 15. Bxe6 Qxe6 16. Be3 dxc2 17. Qxc2 Nd7 18. Rac1 Ncxe5 19. Nxe5 Nxe5 20. Rfe1 Bd6
21. f4
1-0

[Event "SM Master Norm Tournament"]
[Site "SchemingMind.com"]
[Date "2008.12.09"]
[Round "-"]
[White "Erhaem"]
[Black "_keyes"]
[Result "0-1"]
[WhiteCountry "NED"]
[BlackCountry "ENG"]
[WhiteElo "1867"]
[WhiteRD "78"]
[BlackElo "2061"]
[BlackRD "71"]
[GameID "182505"]

1. d4 Nf6 2. Nf3 e6 3. Bg5 h6 4. Bxf6 Qxf6 5. e4 d6 6. Nc3 Qe7 7. Qd2 a6 8. O-O-O g6 9. h3 Bg7 10. d5 O-O
11. h4 Nd7 12. h5 g5 13. Nd4 Bxd4 14. Qxd4 e5 15. Qe3 Nf6 16. Ne2 Ng4 17. Qg3 f5 18. exf5 Bxf5 19. Nc3 Rac8 20. Be2 Nf6
21. Bd3 Bxd3 22. Qxd3 Qh7 23. Qh3 Rce8 24. Rd2 Nd7 25. g4 Rf7 26. Qe3 b6
0-1

[Event "SM Master Norm Tournament"]
[Site "SchemingMind.com"]
[Date "2008.12.10"]
[Round "-"]
[White "Erhaem"]
[Black "Dr_Pat"]
[Result "0-1"]
[WhiteCountry "NED"]
[BlackCountry "USA"]
[WhiteElo "1867"]
[WhiteRD "78"]
[BlackElo "2166"]
[BlackRD "59"]
[GameID "182506"]

1. d4 d5 2. Nf3 Nf6 3. Nbd2 e6 4. e3 c5 5. c3 Nc6 6. Bb5 Bd7 7. Bxc6 Bxc6 8. O-O Bd6 9. dxc5 Bxc5 10. Nb3 Bd6
11. Nbd4 O-O 12. Nxc6 bxc6 13. Qc2 Rc8 14. c4 Ne4 15. b3 Qc7 16. Bb2 f6 17. cxd5 exd5 18. Rac1 Rfe8 19. Rfd1 Qd7 20. Nd4 c5
21. Nf3 Qf5 22. Qe2 Rcd8 23. Nd2 d4 24. Nxe4 Rxe4 25. Qc4+ Kh8 26. exd4 Rde8
0-1

[Event "SM Master Norm Tournament"]
[Site "SchemingMind.com"]
[Date "2008.12.13"]
[Round "-"]
[White "Erhaem"]
[Black "egis"]
[Result "0-1"]
[WhiteCountry "NED"]
[BlackCountry "LTU"]
[WhiteElo "1896"]
[WhiteRD "76"]
[BlackElo "2013"]
[BlackRD "74"]
[GameID "182507"]

1. d4 Nf6 2. Nf3 d5 3. Bg5 c5 4. dxc5 e6 5. b4 Be7 6. e3 O-O 7. Bd3 h6 8. Bh4 Nc6 9. c3 a5 10. Nd4 Qc7
11. Bg3 Qd7 12. O-O axb4 13. Nxc6 bxc6 14. cxb4 Ba6 15. Bxa6 Rxa6 16. Be5 Ne4
0-1

[Event "SM Master Norm Tournament"]
[Site "SchemingMind.com"]
[Date "2008.12.09"]
[Round "-"]
[White "Erhaem"]
[Black "Trener"]
[Result "0-1"]
[WhiteCountry "NED"]
[BlackCountry "PAR"]
[WhiteElo "1867"]
[WhiteRD "78"]
[BlackElo "2166"]
[BlackRD "69"]
[GameID "182508"]

1. d4 d5 2. Nf3 Nf6 3. Bg5 Ne4 4. Bf4 c5 5. dxc5 Nc6 6. Nbd2 Nxc5 7. e3 f6 8. Bb5 Qb6 9. Qe2 e5 10. Bg3 Bg4
11. h3 Bh5 12. Qf1 a6 13. Bxc6+ bxc6 14. Nb3 Ne4 15. Bh2 a5
0-1

[Event "SM Master Norm Tournament"]
[Site "SchemingMind.com"]
[Date "2008.12.11"]
[Round "-"]
[White "Erhaem"]
[Black "Aadsje"]
[Result "0-1"]
[WhiteCountry "NED"]
[BlackCountry "NED"]
[WhiteElo "1896"]
[WhiteRD "76"]
[BlackElo "2238"]
[BlackRD "60"]
[GameID "182509"]

1. d4 Nf6 2. Nf3 e6 3. Bg5 c5 4. e3 Be7 5. c3 b6 6. Bd3 Bb7 7. O-O O-O 8. Nbd2 Nc6 9. dxc5 bxc5 10. Nb3 Qb6
11. a4 a5 12. e4 h6 13. Bd2 Ba6 14. Bxa6 Qxa6 15. Re1 d5 16. exd5 Nxd5 17. Qc2 Rab8 18. c4 Ndb4
0-1

[Event "SM Master Norm Tournament"]
[Site "SchemingMind.com"]
[Date "2008.12.09"]
[Round "-"]
[White "Erhaem"]
[Black "MazetaFighter"]
[Result "0-1"]
[WhiteCountry "NED"]
[BlackCountry "GRE"]
[WhiteElo "1896"]
[WhiteRD "76"]
[BlackElo "2036"]
[BlackRD "70"]
[GameID "182510"]

1. d4 e6 2. Nf3 d5 3. c4 Nf6 4. cxd5 exd5 5. Bg5 c6 6. e3 Be7 7. Bxf6 Bxf6 8. Nc3 O-O 9. Bd3 Re8 10. O-O Nd7
11. Rc1 g6 12. Nd2 Bg7 13. Qf3 Qh4 14. b4 Nb6 15. a4 Bg4 16. Qf4 Bh6 17. Nf3 Bxf4
0-1

[Event "SM Master Norm Tournament"]
[Site "SchemingMind.com"]
[Date "2008.12.09"]
[Round "-"]
[White "Erhaem"]
[Black "GBEDARD"]
[Result "1-0"]
[WhiteCountry "NED"]
[BlackCountry "USA"]
[WhiteElo "2034"]
[WhiteRD "72"]
[BlackElo "2024"]
[BlackRD "90"]
[GameID "182511"]

1. d4 Nf6 2. Nf3 d5 3. Bg5 Ne4 4. Bf4 f6 5. Nbd2 g5 6. Be3 Nd6 7. c3 Nf5 8. Nb3 g4 9. Nfd2 e5 10. dxe5 Nxe3
11. fxe3 fxe5 12. e4 d4 13. cxd4 exd4 14. Qc2 Bg7 15. O-O-O Na6 16. e3 dxe3 17. Bb5+ Bd7 18. Nc4 Bxb5 19. Rxd8+
1-0

[Event "SM Master Norm Tournament"]
[Site "SchemingMind.com"]
[Date "2008.12.09"]
[Round "-"]
[White "_keyes"]
[Black "Erhaem"]
[Result "1-0"]
[WhiteCountry "ENG"]
[BlackCountry "NED"]
[WhiteElo "2061"]
[WhiteRD "71"]
[BlackElo "1867"]
[BlackRD "78"]
[GameID "182512"]

1. d4 g6 2. c4 Nf6 3. Nc3 d5 4. cxd5 Nxd5 5. e4 Nxc3 6. bxc3 e5 7. Nf3 exd4 8. cxd4 Bg7 9. Ba3 Bg4 10. Qa4+ c6
11. Rd1 Bxf3 12. gxf3 Nd7 13. Bc4 Nb6 14. Bxf7+ Kxf7 15. Qb3+ Nd5 16. exd5 Re8+ 17. Kf1 cxd5 18. Qxb7+ Kg8 19. Qb3 Rb8 20. Qd3 Rb6
21. h4 Qf6 22. h5 g5 23. Bc1 h6 24. a3 a5 25. Rg1 Qf7 26. Rh1 a4 27. Rh3
1-0

[Event "SM Master Norm Tournament"]
[Site "SchemingMind.com"]
[Date "2008.12.10"]
[Round "-"]
[White "Dr_Pat"]
[Black "Erhaem"]
[Result "0-1"]
[WhiteCountry "USA"]
[BlackCountry "NED"]
[WhiteElo "2106"]
[WhiteRD "52"]
[BlackElo "2034"]
[BlackRD "72"]
[GameID "182513"]

1. d4 g6 2. c4 Nf6 3. Nc3 Bg7 4. e4 d6 5. Nf3 e5 6. d5 O-O 7. Bd3 Na6 8. O-O Qe7 9. Be3 Nc5 10. Bd2 Nxd3
0-1

[Event "SM Master Norm Tournament"]
[Site "SchemingMind.com"]
[Date "2008.12.14"]
[Round "-"]
[White "egis"]
[Black "Erhaem"]
[Result "1-0"]
[WhiteCountry "LTU"]
[BlackCountry "NED"]
[WhiteElo "1979"]
[WhiteRD "70"]
[BlackElo "1953"]
[BlackRD "78"]
[GameID "182514"]

1. e4 c5 2. Nf3 a6 3. c4 e6 4. Bd3 d6 5. O-O Be7 6. b3 Nc6 7. Nc3 Nf6 8. a4 O-O 9. Ne2 Nb4 10. Bc2 b6
11. Nc3 Bb7 12. d3 Ng4 13. h3 Ne5 14. Nxe5 dxe5 15. Be3 Qc7 16. Bb1
1-0

[Event "SM Master Norm Tournament"]
[Site "SchemingMind.com"]
[Date "2008.12.09"]
[Round "-"]
[White "Trener"]
[Black "Erhaem"]
[Result "1-0"]
[WhiteCountry "PAR"]
[BlackCountry "NED"]
[WhiteElo "2283"]
[WhiteRD "73"]
[BlackElo "1896"]
[BlackRD "76"]
[GameID "182515"]

1. d4 b6 2. c4 e6 3. Nf3 Bb7 4. e3 Nf6 5. Bd3 Be7 6. O-O O-O 7. Nc3 Nc6 8. a3 d5 9. cxd5 exd5 10. Qc2 a6
11. Ng5 h6 12. Nf3 Qd6 13. Re1
1-0

[Event "SM Master Norm Tournament"]
[Site "SchemingMind.com"]
[Date "2008.12.11"]
[Round "-"]
[White "Aadsje"]
[Black "Erhaem"]
[Result "1-0"]
[WhiteCountry "NED"]
[BlackCountry "NED"]
[WhiteElo "2203"]
[WhiteRD "60"]
[BlackElo "1953"]
[BlackRD "78"]
[GameID "182516"]

1. e4 c5 2. Nf3 d6 3. d4 Nf6 4. Nc3 cxd4 5. Bb5+ Nbd7 6. Qxd4 e5 7. Qd3 Be7 8. O-O O-O 9. Be3 a6 10. Bc4 b5
11. Bd5 Rb8 12. Ba7 Nxd5 13. Nxd5 Rb7 14. Be3 Nf6 15. Nxf6+
1-0

[Event "SM Master Norm Tournament"]
[Site "SchemingMind.com"]
[Date "2008.12.09"]
[Round "-"]
[White "MazetaFighter"]
[Black "Erhaem"]
[Result "1-0"]
[WhiteCountry "GRE"]
[BlackCountry "NED"]
[WhiteElo "2036"]
[WhiteRD "70"]
[BlackElo "1896"]
[BlackRD "76"]
[GameID "182517"]

1. e4 g6 2. d4 Bg7 3. c3 d5 4. exd5 Qxd5 5. Be2 Bf5 6. Nf3 Nc6 7. O-O e6 8. Bf4 O-O-O 9. Nbd2 Nf6 10. Nh4 Rhg8
11. Qa4 Bg4 12. Bb5 a6 13. Bxc6 Qxc6 14. Qxc6 bxc6 15. f3
1-0

[Event "SM Master Norm Tournament"]
[Site "SchemingMind.com"]
[Date "2008.12.09"]
[Round "-"]
[White "GBEDARD"]
[Black "Erhaem"]
[Result "1-0"]
[WhiteCountry "USA"]
[BlackCountry "NED"]
[WhiteElo "2074"]
[WhiteRD "87"]
[BlackElo "2025"]
[BlackRD "76"]
[GameID "182518"]

1. e4 g6 2. d4 Bg7 3. Nc3 d6 4. f4 Nc6 5. Be3 Nf6 6. Be2 d5 7. e5 Ne4 8. Nxe4 dxe4 9. Qd2 a6 10. d5 Nb8
11. c4 f5 12. Nh3 O-O 13. O-O h6 14. c5 Kh7 15. Rfd1 Bd7 16. c6 Bc8 17. Qc3 b6 18. b4 Re8 19. Rac1 a5 20. b5 a4
21. Qd4 Ra5 22. Rc3 a3 23. Qb4 Rf8 24. Rxa3 Rxa3 25. Qxa3 g5 26. Qa7 g4 27. Nf2
1-0

[Event "SM Master Norm Tournament"]
[Site "SchemingMind.com"]
[Date "2008.12.09"]
[Round "-"]
[White "BigB"]
[Black "_keyes"]
[Result "1-0"]
[WhiteCountry "SVK"]
[BlackCountry "ENG"]
[WhiteElo "2366"]
[WhiteRD "72"]
[BlackElo "2006"]
[BlackRD "77"]
[GameID "182553"]

1. e4 c5 2. Nf3 d6 3. c3 Nf6 4. Be2 Nc6 5. d3 e6 6. Qc2 Bd7 7. O-O Rc8 8. h3 g6 9. a3 Bg7 10. b4 b6
11. bxc5 bxc5 12. a4 O-O 13. Na3 Qe7 14. Rb1 Rb8 15. Bg5 h6 16. Be3 Rfc8 17. Rb5 Ne5 18. Rxb8 Rxb8 19. Nxe5 dxe5 20. Nc4 Ne8
21. Qc1 g5 22. Qa3 Rc8 23. Rb1 Rc7 24. Rb8 Kh7 25. d4 exd4 26. cxd4 Bc6 27. Qxc5 Qxc5 28. dxc5 Bxa4 29. e5 f5 30. Bh5 Re7
31. Bf3 a6 32. c6 Nc7 33. Rb7 Bb5 34. Bc5 Rf7 35. Nd6
1-0

[Event "SM Master Norm Tournament"]
[Site "SchemingMind.com"]
[Date "2008.12.09"]
[Round "-"]
[White "BigB"]
[Black "Erhaem"]
[Result "1-0"]
[WhiteCountry "SVK"]
[BlackCountry "NED"]
[WhiteElo "2274"]
[WhiteRD "73"]
[BlackElo "2020"]
[BlackRD "77"]
[GameID "182554"]

1. e4 g6 2. d4 Bg7 3. Be3 Nf6 4. Nc3 d5 5. e5 Ng4 6. Bf4 Nc6 7. h3 Nh6 8. Nf3 e6 9. Qd2 Nf5 10. g4 Nfe7
11. h4 h6 12. h5 g5 13. Nxg5 hxg5 14. Bxg5 Qd7 15. O-O-O a6 16. h6 Bf8 17. h7 Bg7 18. Bf6 Bxf6 19. exf6 Qd6 20. fxe7 Bd7
21. Bd3 Qxe7 22. Qf4 O-O-O 23. g5 Rdf8 24. a3 Re8 25. Rde1 Qd8 26. Rh6 Re7 27. Qf6 Ree8 28. Rg1 Qxf6 29. Rxf6 Re7 30. g6 fxg6
31. Rfxg6 Rexh7 32. Rg8+ Nd8 33. Bxh7 Rxh7 34. Rf8 Rf7 35. Rh8 Bb5 36. Rgg8 Rd7 37. a4 Bc4 38. b3
1-0

[Event "SM Master Norm Tournament"]
[Site "SchemingMind.com"]
[Date "2008.12.10"]
[Round "-"]
[White "BigB"]
[Black "Dr_Pat"]
[Result "1-0"]
[WhiteCountry "SVK"]
[BlackCountry "USA"]
[WhiteElo "2159"]
[WhiteRD "83"]
[BlackElo "2106"]
[BlackRD "52"]
[GameID "182555"]

1. e4 Nf6 2. e5 Nd5 3. d4 d6 4. c4 Nb6 5. exd6 cxd6 6. Nc3 g6 7. Nf3 Bg7 8. Be3 O-O 9. h3 Nc6 10. Qd2 d5
11. c5 Nc4 12. Bxc4 dxc4 13. O-O Bf5 14. b3 Bd3 15. Rfd1 Qa5 16. bxc4 Bxc4 17. Bh6 Rfd8 18. Bxg7 Kxg7 19. Qb2 Kg8 20. d5 Qb4
21. Qc1 Na5 22. Rb1 Qxc5 23. Ne4 Qc7 24. d6 Rxd6 25. Rxd6 exd6 26. Nf6+ Kf8 27. Qh6+ Ke7 28. Qg5 Qd8 29. Nd4 Bxa2 30. Nxh7+ Kd7
31. Nf6+ Kc8 32. Re1
1-0

[Event "SM Master Norm Tournament"]
[Site "SchemingMind.com"]
[Date "2008.12.13"]
[Round "-"]
[White "BigB"]
[Black "egis"]
[Result "1-0"]
[WhiteCountry "SVK"]
[BlackCountry "LTU"]
[WhiteElo "2324"]
[WhiteRD "71"]
[BlackElo "1979"]
[BlackRD "70"]
[GameID "182556"]

1. e4 c5 2. c3 e6 3. d4 d5 4. exd5 exd5 5. Bb5+ Bd7 6. Qe2+ Qe7 7. Be3 Bxb5 8. Qxb5+ Nc6 9. dxc5 a6 10. Qe2 Nf6
11. Nd2 Qe6 12. Nh3 Be7 13. Nf4 Qe5 14. Nf3 Qf5 15. O-O-O O-O 16. Qd3 Qc8 17. Nxd5 Nxd5 18. Qxd5 Rd8 19. Qc4 Qf5 20. Rhe1 Qg6
21. g4 Rac8 22. Qf4 Qe6 23. b3 Qg6 24. g5 b6 25. Nh4 Rxd1+ 26. Rxd1 Qh5 27. Nf5 b5 28. Nxe7+ Nxe7 29. Rd7 Rf8 30. Rxe7 Qh3
31. Qe5 Qf1+ 32. Kd2 h5 33. Bd4 Qxf2+ 34. Bxf2 b4 35. Bd4
1-0

[Event "SM Master Norm Tournament"]
[Site "SchemingMind.com"]
[Date "2008.12.09"]
[Round "-"]
[White "BigB"]
[Black "Trener"]
[Result "1-0"]
[WhiteCountry "SVK"]
[BlackCountry "PAR"]
[WhiteElo "2324"]
[WhiteRD "71"]
[BlackElo "2286"]
[BlackRD "73"]
[GameID "182557"]

1. e4 e5 2. f4 exf4 3. Nf3 d5 4. exd5 Nf6 5. c4 c6 6. d4 cxd5 7. c5 b6 8. b4 Qe7+ 9. Be2 a5 10. Nc3 axb4
11. Nb5 Qb7 12. Bxf4 Na6 13. c6 Qxc6 14. Qa4 Bd7 15. Ne5 Qb7 16. O-O Be7 17. Nd6+ Kf8 18. Bxa6
1-0

[Event "SM Master Norm Tournament"]
[Site "SchemingMind.com"]
[Date "2008.12.11"]
[Round "-"]
[White "BigB"]
[Black "Aadsje"]
[Result "1-0"]
[WhiteCountry "SVK"]
[BlackCountry "NED"]
[WhiteElo "2274"]
[WhiteRD "73"]
[BlackElo "2208"]
[BlackRD "59"]
[GameID "182558"]

1. e4 c5 2. Nf3 d6 3. c3 Nf6 4. e5 dxe5 5. Nxe5 Nbd7 6. f4 e6 7. Be2 Bd6 8. d4 O-O 9. O-O Nd5 10. a4 Be7
11. Bf3 f6 12. Nd3 cxd4 13. cxd4 Qb6 14. Nf2 Bb4 15. Qb3 Nb8 16. a5 Qxd4 17. Rd1 Qc5 18. Nc3 Nc7 19. Be3 Qxe3 20. Qxb4 Nba6
21. Qe7 Qc5 22. Qxc5 Nxc5 23. b4 N5a6 24. Rab1 e5 25. fxe5 fxe5 26. Nfe4 Nb5 27. Nxb5 Bf5 28. Nbd6
1-0

[Event "SM Master Norm Tournament"]
[Site "SchemingMind.com"]
[Date "2008.12.09"]
[Round "-"]
[White "BigB"]
[Black "MazetaFighter"]
[Result "1-0"]
[WhiteCountry "SVK"]
[BlackCountry "GRE"]
[WhiteElo "2324"]
[WhiteRD "71"]
[BlackElo "2012"]
[BlackRD "79"]
[GameID "182559"]

1. e4 e5 2. f4 exf4 3. Nf3 g5 4. h4 g4 5. Ne5 Nf6 6. d4 d6 7. Nd3 Nxe4 8. Qe2 Qe7 9. Bxf4 Nc6 10. c3 Bf5
11. Nd2 O-O-O 12. Nxe4 Qxe4 13. Qxe4 Bxe4 14. Nf2 Bf5 15. Kd2 h5 16. Re1 Bg7 17. Ne4 Rde8 18. Bd3 Bg6 19. Rhf1 Bxe4 20. Bxe4 Nd8
21. Kd3 Ne6 22. Re2 Rhf8 23. Bg3 c6 24. Bxd6
1-0

[Event "SM Master Norm Tournament"]
[Site "SchemingMind.com"]
[Date "2008.12.09"]
[Round "-"]
[White "BigB"]
[Black "GBEDARD"]
[Result "1-0"]
[WhiteCountry "SVK"]
[BlackCountry "USA"]
[WhiteElo "2159"]
[WhiteRD "83"]
[BlackElo "2024"]
[BlackRD "90"]
[GameID "182560"]

1. e4 d6 2. d4 Nf6 3. Nc3 g6 4. f3 Bg7 5. Be3 c6 6. Qd2 O-O 7. g4 Qa5 8. g5 Nh5 9. Nge2 f6 10. Ng3 Nxg3
11. hxg3 fxg5 12. Bxg5 Bxd4 13. Bxe7 Bxc3 14. bxc3 Rxf3 15. Bc4+ d5 16. Bb4 Qc7 17. O-O-O Qxg3 18. Bxd5+ cxd5 19. Qxd5+ Rf7 20. Rdf1 Bf5
21. Rxh7 Qg5+ 22. Kb2 Qf6 23. exf5 Kxh7 24. fxg6+ Kg7 25. gxf7 Qxf1 26. f8=Q+ Qxf8 27. Qg5+
1-0

[Event "SM Master Norm Tournament"]
[Site "SchemingMind.com"]
[Date "2008.12.09"]
[Round "-"]
[White "_keyes"]
[Black "BigB"]
[Result "0-1"]
[WhiteCountry "ENG"]
[BlackCountry "SVK"]
[WhiteElo "1997"]
[WhiteRD "83"]
[BlackElo "2324"]
[BlackRD "71"]
[GameID "182561"]

1. d4 Nf6 2. c4 c5 3. d5 g6 4. Nc3 d6 5. e4 Bg7 6. f3 O-O 7. Be3 a6 8. Qd2 Qa5 9. Bd3 Nbd7 10. Nge2 Ne5
11. a3 b5 12. cxb5 Nxd3+ 13. Qxd3 Nd7 14. f4 axb5 15. O-O b4 16. Nd1 Ba6 17. Qd2 Nb6 18. Qe1 Bd3 19. Nf2 Qb5 20. Nxd3 Qxd3
21. Qf2 Nc4 22. Bxc5 dxc5 23. Rad1 Qxe4 24. Ng3 Qe3 25. axb4 cxb4 26. b3 Ra2 27. Qxe3 Nxe3
0-1

[Event "SM Master Norm Tournament"]
[Site "SchemingMind.com"]
[Date "2008.12.09"]
[Round "-"]
[White "Erhaem"]
[Black "BigB"]
[Result "0-1"]
[WhiteCountry "NED"]
[BlackCountry "SVK"]
[WhiteElo "1896"]
[WhiteRD "76"]
[BlackElo "2366"]
[BlackRD "72"]
[GameID "182562"]

1. d4 d5 2. Nf3 c6 3. e3 Bf5 4. Bd3 Bxd3 5. Qxd3 Nf6 6. O-O e6 7. Nc3 Bb4 8. Bd2 Nbd7 9. Rad1 O-O 10. a3 Bxc3
11. Bxc3 Qc7 12. Ng5 h6 13. Nf3 Rfe8 14. b3 a5 15. Bb2 a4 16. Rfe1 Rad8 17. Re2 Ne4 18. Nd2 Nd6 19. Ree1 axb3 20. cxb3 Qb6
21. Rc1 e5 22. Qe2 e4 23. Qg4 Re6 24. Bc3 Rg6 25. Qh4 Nf6 26. Bb4 Rg4 27. Qh3 Nf5 28. f3 Rg5 29. Rc5 Rh5 30. Ba5 Qa6
31. Qxh5 Nxh5 32. Bxd8 Qd3 33. Nxe4 Nxd4
0-1

[Event "SM Master Norm Tournament"]
[Site "SchemingMind.com"]
[Date "2008.12.10"]
[Round "-"]
[White "Dr_Pat"]
[Black "BigB"]
[Result "1/2-1/2"]
[WhiteCountry "USA"]
[BlackCountry "SVK"]
[WhiteElo "2106"]
[WhiteRD "52"]
[BlackElo "2159"]
[BlackRD "83"]
[GameID "182563"]

1. d4 d5 2. c4 Bf5 3. Qb3 e5 4. cxd5 exd4 5. Nf3 Nf6 6. Nxd4 Bxb1 7. Qxb7 Be4 8. Qxa8 Bb4+ 9. Bd2 Bxd2+ 10. Kxd2 O-O
11. Qxa7 Qxd5 12. Ke1 Na6 13. Nb3 Nb4 14. Rc1 Nc2+ 15. Rxc2 Bxc2 16. f3 Bxb3 17. axb3 Qxb3 18. Qxc7 Nd5 19. Qe5 Ne3 20. Kf2=
1/2-1/2

[Event "SM Master Norm Tournament"]
[Site "SchemingMind.com"]
[Date "2008.12.09"]
[Round "-"]
[White "Trener"]
[Black "BigB"]
[Result "0-1"]
[WhiteCountry "PAR"]
[BlackCountry "SVK"]
[WhiteElo "2166"]
[WhiteRD "69"]
[BlackElo "2394"]
[BlackRD "74"]
[GameID "182565"]

1. e4 Nf6 2. Nc3 e5 3. g3 Bc5 4. Bg2 O-O 5. Nge2 c6 6. O-O Bb6 7. d4 d6 8. Na4 Bc7 9. h3 Be6 10. dxe5 dxe5
11. Nc5 Bc4 12. Nd3 Na6 13. Bg5 Bb6 14. a4 h6 15. Bxf6 Qxf6 16. b3 Bxd3 17. Qxd3 Nb4 18. Qc4 a5 19. c3 Na6 20. Kh2 Rad8
21. f4 Qe7 22. Rab1 exf4
0-1

[Event "SM Master Norm Tournament"]
[Site "SchemingMind.com"]
[Date "2008.12.11"]
[Round "-"]
[White "Aadsje"]
[Black "BigB"]
[Result "0-1"]
[WhiteCountry "NED"]
[BlackCountry "SVK"]
[WhiteElo "2208"]
[WhiteRD "59"]
[BlackElo "2274"]
[BlackRD "73"]
[GameID "182566"]

1. e4 Nf6 2. e5 Nd5 3. Nc3 Nxc3 4. dxc3 Nc6 5. Nf3 g6 6. Bc4 Bg7 7. O-O d6 8. Qe2 Nxe5 9. Nxe5 Bxe5 10. Bh6 e6
11. f4 Bf6 12. a4 Qe7 13. Qe3 a5 14. g4 Rg8 15. g5 Bh8 16. Rae1 Kd8 17. Bd5 c6 18. Bg2 Kc7 19. b4 axb4 20. cxb4 Rxa4
21. Qb3 b5 22. Qf3 Bd7 23. c3 Ra3 24. Re3 d5 25. Kh1 d4 26. cxd4 Rxe3 27. Qxe3 Qxb4 28. Qf3 Ra8 29. Rd1 Qb2
0-1

[Event "SM Master Norm Tournament"]
[Site "SchemingMind.com"]
[Date "2008.12.09"]
[Round "-"]
[White "MazetaFighter"]
[Black "BigB"]
[Result "0-1"]
[WhiteCountry "GRE"]
[BlackCountry "SVK"]
[WhiteElo "2036"]
[WhiteRD "70"]
[BlackElo "2366"]
[BlackRD "72"]
[GameID "182567"]

1. c4 Nf6 2. d4 c5 3. d5 g6 4. Nc3 Bg7 5. e4 d6 6. Nf3 Bg4 7. Be2 O-O 8. O-O Nbd7 9. Bf4 a6 10. h3 Bxf3
11. Bxf3 Ne8 12. Re1 b5 13. cxb5 axb5 14. a3 Qa5 15. Qc2 Nc7 16. Be2 Rfb8 17. Bd2 b4 18. axb4 Qxa1 19. Rxa1 Rxa1+ 20. Kh2 Rxb4
21. b3 Rb8 22. Bc1 Ra7 23. Bg5 Kf8 24. f4 Na6 25. Bc4 Nb4 26. Qd2 Rbb7 27. Na4 Bd4 28. f5 Ne5 29. fxg6 hxg6 30. Bh6+ Kg8
31. Nc3 Nxc4 32. bxc4 Ra3 33. Ne2 Bh8 34. Bf4 Nd3 35. Bg3 Rb2
0-1

[Event "SM Master Norm Tournament"]
[Site "SchemingMind.com"]
[Date "2008.12.09"]
[Round "-"]
[White "GBEDARD"]
[Black "BigB"]
[Result "0-1"]
[WhiteCountry "USA"]
[BlackCountry "SVK"]
[WhiteElo "2074"]
[WhiteRD "87"]
[BlackElo "2206"]
[BlackRD "81"]
[GameID "182568"]

1. e4 Nf6 2. e5 Nd5 3. d4 d6 4. Nf3 dxe5 5. Nxe5 c6 6. Bd3 g6 7. O-O Bg7 8. Re1 O-O 9. c3 Nd7 10. Nxd7 Qxd7
11. Na3 Qc7 12. Nc4 c5 13. dxc5 Rd8 14. Qe2 Be6 15. Be4 Qxc5 16. Ne3 a6 17. Rd1 Nf4 18. Qf3 Rxd1+ 19. Qxd1 Qc7 20. Qf3 Rd8
21. Bxb7 Bxc3 22. Bxa6 Be5 23. a4 Nd5 24. g3 Nb4 25. Qe2 Nxa6 26. Qxa6 Bh3 27. Qe2 Qb7 28. f3 Bd4 29. a5 Rd6 30. a6 Qa8
31. Ra3 Qc8 32. Bd2 Qc2 33. a7 Bxa7 34. Rxa7 Rxd2 35. Nxc2 Rxe2 36. Rc7 Rg2+ 37. Kh1 Rf2 38. Ne3 Re2 39. Nc2 e5 40. Rc3 f5
41. Rc8+ Kg7 42. Rc7+ Kh6 43. f4 Bg2+ 44. Kg1 Be4 45. Kf1 Rxc2 46. Rxc2 Bxc2 47. fxe5 Bb3 48. Ke2 Kg7 49. Kd2 Kf7 50. Kc3 Ba4
51. b3 Bb5 52. Kd4 Ke6 53. h4 h6 54. Kc5 Be2 55. Kd4 Bd1 56. b4 Ba4
0-1

[Event "SM Master Norm Tournament"]
[Site "SchemingMind.com"]
[Date "2008.12.10"]
[Round "-"]
[White "shaykins"]
[Black "_keyes"]
[Result "1-0"]
[WhiteCountry "ISR"]
[BlackCountry "ENG"]
[WhiteElo "2222"]
[WhiteRD "94"]
[BlackElo "1997"]
[BlackRD "83"]
[GameID "182620"]

1. e4 c5 2. Nf3 d6 3. d4 cxd4 4. Nxd4 Nf6 5. Nc3 a6 6. Bg5 e6 7. f4 Be7 8. Qf3 Qc7 9. O-O-O Nbd7 10. g4 b5
11. Bxf6 Nxf6 12. g5 Nd7 13. a3 Rb8 14. Bh3 Nc5 15. Rhg1 b4 16. axb4 Rxb4 17. f5 Bb7 18. fxe6 O-O 19. Qe3 f6 20. Nf5 fxg5
21. Rxg5 Bxg5 22. Qxg5 Nxe4 23. Ne7+ Kh8 24. Ng6+ Kg8 25. e7
1-0

[Event "SM Master Norm Tournament"]
[Site "SchemingMind.com"]
[Date "2008.12.09"]
[Round "-"]
[White "shaykins"]
[Black "Erhaem"]
[Result "1-0"]
[WhiteCountry "ISR"]
[BlackCountry "NED"]
[WhiteElo "2236"]
[WhiteRD "93"]
[BlackElo "1896"]
[BlackRD "76"]
[GameID "182621"]

1. e4 c5 2. Nf3 d6 3. d4 Nf6 4. Nc3 cxd4 5. Nxd4 a6 6. Bg5 Nbd7 7. Be2 h6 8. Be3 Nc5 9. f3 e5 10. Nb3 Nxb3
11. axb3 Be7 12. Nd5 Nxd5 13. Qxd5 O-O 14. O-O Qc7 15. Qd2 Be6 16. c4 h5 17. f4 exf4 18. Bxf4 h4 19. Be3 Qc6 20. Bf3 Qc7
21. Bd4 Qd7 22. Qc3 f6 23. Bb6 Rac8 24. Kh1 Rc6 25. Qe3 Kh7 26. Rad1 Qc8 27. Bd4 Kg8 28. Qf2 g5 29. Be2
1-0

[Event "SM Master Norm Tournament"]
[Site "SchemingMind.com"]
[Date "2008.12.10"]
[Round "-"]
[White "shaykins"]
[Black "Dr_Pat"]
[Result "1-0"]
[WhiteCountry "ISR"]
[BlackCountry "USA"]
[WhiteElo "2210"]
[WhiteRD "97"]
[BlackElo "2138"]
[BlackRD "50"]
[GameID "182622"]

1. e4 Nf6 2. e5 Nd5 3. c4 Nb6 4. c5 Nd5 5. Nc3 e6 6. d4 Nxc3 7. bxc3 b6 8. Nf3 Be7 9. Bd3 bxc5 10. O-O Nc6
11. dxc5 Bxc5 12. Qa4 Rb8 13. Bg5 f6 14. exf6 gxf6 15. Bf4 Bb7 16. Rab1 Bb6 17. Rb5 Ne7 18. Rh5 Bc6 19. Qd1 Nd5 20. Bd2 Qe7
21. c4 Nb4 22. Bb1 a5 23. Bc3 Qg7 24. Re1 Bb7 25. Rh3 Bc5 26. Rg3 Qf7 27. Qd2 Bd6 28. Ng5 fxg5 29. Bxh8 Bxg3 30. hxg3 h6
31. a3 Nc6 32. c5 Ba6 33. Be4 Bb5 34. Re3
1-0

[Event "SM Master Norm Tournament"]
[Site "SchemingMind.com"]
[Date "2008.12.09"]
[Round "-"]
[White "shaykins"]
[Black "Trener"]
[Result "1-0"]
[WhiteCountry "ISR"]
[BlackCountry "PAR"]
[WhiteElo "2319"]
[WhiteRD "86"]
[BlackElo "2166"]
[BlackRD "69"]
[GameID "182624"]

1. e4 c5 2. Nf3 d6 3. d4 cxd4 4. Nxd4 Nf6 5. Nc3 a6 6. Bg5 e6 7. f4 Qb6 8. Qd3 Nc6 9. O-O-O Nxd4 10. Qxd4 Qxd4
11. Rxd4 Ng4 12. Be2 Ne3 13. f5 Nxg2 14. fxe6 fxe6 15. e5 h6 16. Bh5+ Kd7 17. Bd2 g5 18. Na4
1-0